Indian dust : (Record no. 105928)

MARC details
000 -LEADER
fixed length control field 00573nam a22002057a 4500
005 - DATE AND TIME OF LATEST TRANSACTION
control field 20170206121956.0
010 ## - LCCN (DPL NO)
LC control number ENG-117126
020 ## - INTERNATIONAL STANDARD BOOK NUMBER
International Standard Book Number 9789385755330
Terms of availability 299.00
035 ## - SYSTEM CONTROL NUMBER
System control number EN-100658
037 ## - SOURCE OF ACQUISITION
Source of stock number/acquisition DBAD/PUB
082 ## - DEWEY DECIMAL CLASSIFICATION NUMBER
Classification number S
100 ## - MAIN ENTRY--PERSONAL NAME
Personal name Godden,Rumer
245 ## - TITLE STATEMENT
Title Indian dust :
Statement of responsibility, etc by Rumer [and] Jon Godden
Remainder of title Stories /
260 ## - PUBLICATION, DISTRIBUTION, ETC. (IMPRINT)
Place of publication, distribution, etc New Delhi
Name of publisher, distributor, etc Speaking Tiger
Date of publication, distribution, etc 2016
270 ## - ADDRESS
Address 4381/4, Ansari Road,Daryaganj,
City New Delhi
Postal code 110002
300 ## - PHYSICAL DESCRIPTION
Extent xii,218p.
Dimensions 20cm(pbk)
490 ## - SERIES STATEMENT
Series statement A Ruskin Bond Selection
700 ## - ADDED ENTRY--PERSONAL NAME
Personal name Godden, Jon
942 ## - ADDED ENTRY ELEMENTS (KOHA)
Source of classification or shelving scheme Dewey Decimal Classification
Item type English Books
Classification part S
Call number suffix GOD
Holdings
Withdrawn status Lost status Not for loan Collection code Home library Current library Date acquired Source of acquisition Cost, normal purchase price Full call number Barcode Copy number Cost, replacement price Koha item type
    Not For Loan Fiction D.B.Act.Division D.B.Act.Division 20/01/2017 DBAD/PUB 299.00 S GOD EN-100658 1 299.00 English Books

© Delhi Public Library
Hit Counter
free hit counter